01475nam a22002297a 450000500170000000800410001704000070005804100120006508200240007710000220010124500260012326000320014930000260018152007250020765000270093265000640095965000580102370000240108194200120110599900190111795201090113620220409101256.0220409b ||||| |||| 00| 0 eng d cAL aEnglish 223a362.29092bFREM aJames Frey928883 aMillion Little Pieces aLondon bJohn Murrayc 2003 a515 p.bPBc20x13 cm. aJames Frey wakes up on a plane, with no memory of the preceding two weeks. His face is cut and his body is covered with bruises. He has no wallet and no idea of his destination. He has abused alcohol and every drug he can lay his hands on for a decade - and he is aged only twenty-three. What happens next is one of the most powerful and extreme stories ever told. His family takes him to a rehabilitation centre. And James Frey starts his perilous journey back to the world of the drug and alcohol-free living. His lack of self-pity is unflinching and searing. A Million Little Pieces is a dazzling account of a life destroyed and a life reconstructed. It is also the introduction of a bold and talented literary voice. a Frey James1969928884 a Narcotic addicts -- Rehabilitation -- United States928885 aNarcotic addicts -- United States -- Biography928886 aFREY (James)928887 2ddccGF c222315d222315 00102ddc40708SWaALbALd2013-03-24l0o362.29092 FREMpGF02141r2022-04-09 00:00:00w2022-04-09yGF